1920 1059 1426 1294 1454 1121 1546 1642 1024 1553 1314 1058 1348 1960 1542 1356 1930 1397 1930 1645 1800 1905 1609 1889 1143 1492 1258 1229 1016 1573 1904 1020 1345 1188 1109 1659 1600 1255 1109 1842 1585 1712 1886 1450 1130 1460 1953 1868 1899 1573 1890 1918 1796 1698 1316 1158 1875 1744 1811 1662 1217 1975 1603 1469 1898 1509 1273 1276 1599 1974 1515 1816 1001 1149 1755 1754 1933 1142 1570 1036 1653 1254 1973 1995 1505 1488 1100 1410 1864 1915 1370 1591 1396 1838 1344 1434 1420 1924 1219 BCNSPRNW ULIB Ver.6.0+V

เปลี่ยนเป็นภาษาไทย

Change to English
 แสดงรายละเอียดบรรณานุกรม
  กลับหน้าหลัก

Brief Record : Get Marc (ISO 2709) : E-mail record : QR code < ปิดหน้าต่าง
LEADER : 00000nam a2200000 a 4500
001    13399114953
003     ULIB
008    060714s2010 us a b 001 0 eng d
020    ^a0323036236 (pbk.)
060 04 ^aQZ140^bP297
245 00 ^aPathophysiology :^bthe biologic basis for disease in adults and children ; study guide and workbook /^c[edited by] Kathryn L. McCance, Sue E. Huether ; prepared by Clayton F. Parkinson
250    ^a6th ed
260    ^aSt. Louis, Mo. :^bMosby Elsevier,^c2010
300    ^ax, 363 p. :^bill. ;^c28 cm.
500    ^aSend to Single Search
504    ^aIncludes bibliographical references and index
650  0 ^aPhysiology, Pathological^vexaminations & questions
700 1  ^aMcCance, Kathryn L.,^eed.
700 1  ^aHuether, Sue E.,^eed.
700 1  ^aParkinson, Clayton F.
945    ^p0^l0^i19116
995    ^a Kesorn
999 ^a ใช้งานได้ทุกระบบ
รายการนี้ยังไม่มีแท็ก
คุณยังไม่ได้ล็อกอิน คุณสามารถมีกิจกรรมร่วมกับเว็บไซต์ได้ แต่ต้องล็อกอินก่อน ::
  ล็อกอิน

รายการสื่อสารสนเทศ

ลำดับที่ ประเภท เลขเรียก/บาร์โค้ด สถานที่ สถานะ
- ไม่พบข้อมูล -

BibComment


ยังไม่เคยถูกคอมเมนท์

คอมเมนท์ทรัพยากรรายการนี้
  คอมเมนท์: Pathophysiology ..


 Copyright 2026. Bcnsprnw @Library